00668nam a2200241 a 4500001001300000003000900013005001700022008004100039020000900080082001800089100002400107245002900131260003400160300000900194500003500203505001000238650002700248700002400275902000800299942000700307952009700314999001500411nice12345678IN_TiNIC20260116012150.0050524s1958 alla grp 000 0 eng  ac8000a954.0357bCHA aChatterji, Nandalal aIndia`s Freedom Struggle aAllahabadbIndian Pressc1958 a166p aincludes index and biblioraphy2 aindex aIndia-Freedom Struggle1 aChatterji, Nandalal bSRS cBK 00104070aHMIbHMId2007-04-04g80.00l0o954.0357 CHAp05772r2007-04-04w2026-01-16yEB c5906d5906